Language and literature assessment : (Record no. 16298)
[ view plain ]
| 000 -LEADER | |
|---|---|
| fixed length control field | 00666nam a22002537a 4500 |
| 003 - CONTROL NUMBER IDENTIFIER | |
| control field | USl |
| 005 - DATE AND TIME OF LATEST TRANSACTION | |
| control field | 20140310182817.0 |
| 008 - FIXED-LENGTH DATA ELEMENTS--GENERAL INFORMATION | |
| fixed length control field | 130301t xxu||||| |||| 00| 0 eng d |
| 020 ## - INTERNATIONAL STANDARD BOOK NUMBER | |
| International Standard Book Number | 9716857221 |
| 050 ## - LIBRARY OF CONGRESS CALL NUMBER | |
| Classification number | LB 3060.3 |
| Item number | .G573 2010 |
| 100 ## - MAIN ENTRY--PERSONAL NAME | |
| Personal name | Go, Mildred B. |
| 245 ## - TITLE STATEMENT | |
| Title | Language and literature assessment : |
| Remainder of title | a comrehensive guide / |
| Statement of responsibility, etc | Mildred B. Go, Ofelia T. Posecion |
| 260 ## - PUBLICATION, DISTRIBUTION, ETC. (IMPRINT) | |
| Place of publication, distribution, etc | Quezon City : |
| Name of publisher, distributor, etc | Lorimar Pub. Inc., |
| Date of publication, distribution, etc | 2010. |
| 300 ## - PHYSICAL DESCRIPTION | |
| Extent | vii, 113 p. : |
| Dimensions | 25 cm. |
| 521 ## - TARGET AUDIENCE NOTE | |
| Target audience note | |
| 942 ## - ADDED ENTRY ELEMENTS (KOHA) | |
| Source of classification or shelving scheme | Library of Congress Classification |
| Koha item type | Books |
| Call number prefix | Local |
| Withdrawn status | Lost status | Source of classification or shelving scheme | Damaged status | Home library | Current library | Shelving location | Date acquired | Source of acquisition | Total Checkouts | Full call number | Barcode | Date last seen | Copy number | Price effective from | Koha item type |
|---|---|---|---|---|---|---|---|---|---|---|---|---|---|---|---|
| Library of Congress Classification | Archives | Archives | 03/01/2013 | Donation | LB 3060.3 .G573 2010 | C14463 | 05/08/2018 | 1 | 03/01/2013 | Books | |||||
| Library of Congress Classification | Archives | Archives | 11/26/2013 | Donation | LB 3060.3 .G573 2010 | C12283 | 05/08/2018 | 2 | 11/26/2013 | Books | |||||
| Library of Congress Classification | Archives | Archives | 11/26/2013 | Donation | LB 3060.3 .G573 2010 | C13363 | 05/08/2018 | 4 | 11/26/2013 | Books | |||||
| Library of Congress Classification | Archives | Archives | 11/26/2013 | Donation | LB 3060.3 .G573 2010 | C14393 | 05/08/2018 | 6 | 11/26/2013 | Books | |||||
| Library of Congress Classification | College Library | College Library | Filipiniana Section | 11/26/2013 | Library Fund | LB 3060.3 .G573 2010 | C14832 | 05/08/2018 | 3 | 11/26/2013 | Books | ||||
| Library of Congress Classification | College Library | College Library | Filipiniana Section | 11/26/2013 | Library Fund | LB 3060.3 .G573 2010 | C13362 | 05/08/2018 | 5 | 11/26/2013 | Books | ||||
| Library of Congress Classification | College Library | College Library | Filipiniana Section | 11/26/2013 | Library Fund | LB 3060.3 .G573 2010 | C12282 | 05/08/2018 | 7 | 11/26/2013 | Books |